Quién mato a palomino molero? /

Guardado en:
Autor Principal: Vargas Llosa, Mario
Formato: Libro
Publicado: Buenos Aires : Sudamericana/planeta, 1986
Series:Biblioteca Seix Barral
Materias:
Etiquetas: Agregar Etiqueta
Sin Etiquetas, Sea el primero en etiquetar este registro!
LEADER 00705nam a22002295a 4500
001 CEM.cems006448
005 20101015115604.0
008 130507s1986##################000#0#####d
003 CEMS
020 |a 9503701953 
082 0 4 |a Pe863.4 
100 1 |a Vargas Llosa, Mario 
245 1 0 |a Quién mato a palomino molero? /  |c Mario Vargas Llosa 
260 |a Buenos Aires :  |b Sudamericana/planeta,  |c 1986 
300 |a 189 p. 
490 0 |a Biblioteca Seix Barral 
653 |a Literatura 
653 |a Literatura peruana 
653 |a Novelas 
653 |a Novela peruana 
859 |a CEMS  |b BIB. CEMS - 11 de abril  |h Pe863.4  |i V426-3  |p 14155.86  |t Ej.1 
859 |a CEMS  |b BIB. CEMS - 11 de abril  |h Pe863.4  |i V426-3  |p 14188.86  |t Ej.2